|
|
|
|
| LEADER |
00000cam a2200000 7i4500 |
| 001 |
0000006336 |
| 005 |
20151222.0 |
| 008 |
070816 |
| 020 |
|
|
|a 9838772410
|
| 090 |
0 |
0 |
|a JF
|b SC ENG (6692)
|
| 100 |
1 |
|
|a Tan,Eunice
|
| 245 |
1 |
0 |
|a Machines are important to us
|c Eunice Tan
|
| 260 |
|
|
|a Selangor :
|b Penerbit Prisma ,
|c 2005
|
| 440 |
|
|
|a Smart Science
|
| 500 |
|
|
|a Children ages 7-9 years old (orange)
|
| 650 |
|
0 |
|a Machinery
|x Juvenile literature
|
| 999 |
|
|
|a 0000985681
|b Book
|c Children Collection
|e Cawangan Taman Universiti
|
| 999 |
|
|
|a 0000985682
|b Book
|c Children Collection
|e Perbadanan Perpustakaan Awam Johor
|
| 999 |
|
|
|a 0000985684
|b Book
|c Children Collection
|e Perbadanan Perpustakaan Awam Johor
|